|
|
|
|
| LEADER |
00000cam a2200000 a 4500 |
| 001 |
vtls008404115 |
| 003 |
SK-MaSNL |
| 005 |
20260301075628.0 |
| 008 |
251104s1950 xo 000 0 slo |
| 015 |
|
|
|a SNBA19451955-013161
|
| 035 |
|
|
|a SK01SNKBKSFS20020096332
|
| 035 |
|
|
|a urn:nbn:sk:snk-am3hy68
|
| 035 |
|
|
|a C98C7054-9E98-461C-B5AD-B0D679AE8DF3
|
| 035 |
|
|
|a urn:nbn:sk:snk-am00dd6k
|
| 035 |
|
|
|a SKM000098795
|
| 040 |
|
|
|a SNK
|b slo
|c SNK
|e AACR2
|
| 041 |
0 |
|
|a slo
|
| 044 |
|
|
|a xo
|c SK
|
| 080 |
|
|
|a 242
|2 1981
|
| 100 |
1 |
|
|a Vajdička, Ľudovít,
|d 1907-1990
|4 aut
|9 48178
|
| 245 |
1 |
0 |
|a Duchovné prebudenie
|c Ľudovít Vajdička
|
| 260 |
|
|
|a Liptovský Sv. Mikuláš
|b Tranoscius
|c 1950
|e Turčiansky Sv. Martin
|f Kníhtlačiarsky účastinársky spolok
|
| 300 |
|
|
|a 7, [1] s.
|c V. 8°
|
| 366 |
|
|
|e 10000 výtl.
|
| 500 |
|
|
|a Obálkový názov
|
| 650 |
0 |
7 |
|a kresťanstvot
|2 SNKPH
|9 400019
|
| 650 |
0 |
7 |
|a duchovný život
|2 SNKPH
|9 1807
|
| 655 |
|
7 |
|a úvahy
|2 SNKPH
|9 29403
|
| 954 |
|
|
|a duchovná literatúra pôvodná (slovenská)
|2 lita
|
| 958 |
|
|
|a OND
|
| 958 |
|
|
|a RK
|
| 958 |
|
|
|a TL
|
| 958 |
|
|
|a EUIPO
|
| 999 |
|
|
|c 650839
|d 652769
|
| 952 |
|
|
|a SNK
|b SNK
|y PREZ
|7 0
|p 17A0629828
|o snkSD 6757 D1
|i snkKSF 5785/57
|8 4
|0 0
|1 0
|4 0
|d 2009-10-27
|l 0
|r 2026-02-23 18:21:46
|w 2026-02-23
|
| 952 |
|
|
|a SNK
|b SNK
|y PREZ
|7 0
|p 17A0909245
|o snkSD 6757
|i snk4149/50
|0 0
|1 0
|4 0
|d 2019-05-10
|f 1
|l 0
|r 2025-11-14 00:00:00
|w 2026-02-23
|